Declaración mundial sobre la educación superior en el siglo XXI: visión y acción
Sábháilte in:
| Formáid: | Téacs |
|---|---|
| Ábhair: | |
| Clibeanna: |
Cuir clib leis
Níl clibeanna ann, Bí ar an gcéad duine le clib a chur leis an taifead seo!
|
MARC
| LEADER | 00000 a a2200000 04500 | ||
|---|---|---|---|
| 001 | 2147 | ||
| 003 | |||
| 040 | |||
| 245 | |a Declaración mundial sobre la educación superior en el siglo XXI: |b visión y acción | ||
| 650 | |a EDUCACION | ||
| 650 | |a UNIVERSIDADES | ||
| 650 | |a DOCUMENTOS OFICIALES | ||
| 650 | |a ESTADO | ||
| 650 | |a COOPERACION INTERNACIONAL | ||
| 650 | |a UNESCO | ||
| 773 | |g número 47; páginas 73-91 | ||
| 999 | |c 30156 |d 30156 | ||
